Statistics for U.S. States or European Countries by GDP

Click here to take the quiz!

General Stats

  • This quiz has been taken 27,368 times
    (15,235 since last reset)
  • The average score is 17 of 20

Answer Stats

GDPCountry or State% Correct
$ 4.00 tnGermany
99%
$ 2.83 tnUnited Kingdom
98%
$ 2.78 tnFrance
98%
$ 3.08 tnCalifornia
98%
$ 2.07 tnItaly
97%
$ 1.70 tnNew York
97%
$ 1.43 tnSpain
97%
$ 1.82 tnTexas
96%
$ 1.06 tnFlorida
93%
$ 1.28 tnRussia
90%
$ 0.586 tnPoland
84%
$ 0.577 tnWashington
83%
$ 0.913 tnNetherlands
82%
$ 0.706 tnSwitzerland
79%
$ 0.880 tnIllinois
77%
$ 0.803 tnPennsylvania
70%
$ 0.689 tnOhio
68%
$ 0.602 tnGeorgia
68%
$ 0.576 tnMassachusetts
64%
$ 0.635 tnNew Jersey
59%

Score Distribution

Percentile by Number Answered

Percent of People with Each Score

Your Score History

You have not taken this quiz since the last reset